Textos fundamentales para la historia

Enregistré dans:
Détails bibliographiques
Auteur principal: Artola Gallego, Miguel (Auteur)
Format: Livre
Langue:espagnol
Publié: Madrid Alianza 1982
Édition:7a. ed
Collection:Alianza Universidad textos, 9
Sujets:
Tags: Ajouter un tag
Pas de tags, Soyez le premier à ajouter un tag!

MARC

LEADER 00000nam a2200000 a 4500
001 UCP8660
003 CL-VaPUC
008 000310e19820000SP |||||||||||||||||spa|d
082 0 4 |a 909  |b ART  |2 21 
100 0 |a Artola Gallego, Miguel  |e author  |9 438761 
245 1 0 |a Textos fundamentales para la historia 
250 |a 7a. ed 
300 |a 638 p 
942 |c BK 
945 |d 20000310 00:00:00  |a lriquelm 
260 |a Madrid  |b Alianza  |c 1982 
650 0 |a Historia universal  |9 266877 
650 0 |a Fuentes de la historia  |9 323547 
583 |a last modification  |c 20121008 06:23:09  |k Rodrigo Vera 
490 0 |a Alianza Universidad textos, 9 
999 |c 285551  |d 285549 
952 |0 0  |1 0  |4 0  |6 909_000000000000000_ART_1982  |7 0  |8 DER_HDC  |9 330236  |a BIBDER  |b BIBDER  |d 2019-11-20  |i 3929086  |l 1  |o 909 ART 1982  |p 3929086  |r 2023-01-25  |s 2020-03-16  |w 2019-11-20  |x Ubicación 4to Piso  |y BK  |z Estos recursos deben solicitarse con anticipación  |k DER